000 00659cam a22002291 4500
001 he 68003146
003 DLC
005 20260227111504.0
008 840508s1968 is 000 1 heb
010 _ahe 68003146
035 _a(OCoLC)19167238
040 _aDLC
_cMH
_dCU
_dDLC
042 _apremarc
050 0 0 _aPJ5054.Y67
_bN3
100 1 _aYoram, Ehud,
_d1902-1984.
245 1 0 _aNamal ʻatiḳ :
_bsipurim.
260 _aRamat Gan :
_bAgudat ha-sofrim ha-ʻIvrim be-Yiśraʼel, le-yad hotsaʼat Masadah
_c[1968]
300 _a131 p. ;
_c23 cm.
440 0 _aSifriyat maḳor.
500 _aAdded t.p.: Namal ʻatik.
752 _aIsrael
_dRamat Gan
999 _c33799
_d33799